000 00638nam a2200181Ia 4500
008 151202s9999||||xx |||||||||||||| ||und||
082 _bPNVM-37425
100 _aहिरेमठ राजशेखर.
245 _aगझल: रंग आणि गंा.
260 _b"मेहता पब्लिशींग हाऊस, पुणे."
260 _c1989
300 _a80
600 _aहिरेमठ राजशेखर.
630 _aगझल: रंग आणि गंा.
700 _aहिरेमठ राजशेखर.
730 _aगझल: रंग आणि गंा.
942 _cBOOK
999 _c1303377
_d1303374